| 000 | 01140nac a22003131i 4500 | ||
|---|---|---|---|
| 003 | EG-ScBUE | ||
| 005 | 20241111134810.0 | ||
| 008 | 241111t2004 njua f b 001 0 eng d | ||
| 020 | _a9780471452263 | ||
| 020 | _a0471452262 | ||
| 040 |
_aEG-ScBUE _beng _erda _cEG-ScBUE _dEG-ScBUE |
||
| 082 | 0 | 4 |
_a519.4 _bATK _222 |
| 100 | 1 |
_aAtkinson, Kendall E., _eauthor. |
|
| 245 | 1 | 0 |
_aElementary numerical analysis / _cKendall Atkinson, Weimin Han, University of Iowa. |
| 250 | _aThird edition. | ||
| 264 | 1 |
_aHoboken, NJ : _bJohn Wiley & Sons, Inc., _c[2004] |
|
| 264 | 4 | _cc2004 | |
| 300 |
_axvi, 560 pages : _billustrations ; _c25 cm |
||
| 336 |
_2rdacontent _atext _btxt |
||
| 337 |
_aunmediated _2rdamedia _bn |
||
| 338 |
_avolume _bnc _2rdacarrier |
||
| 504 | _aIncludes bibliographical references and index. | ||
| 650 | 7 |
_aNumerical analysis. _2BUEsh |
|
| 655 | _vReading book | ||
| 700 | 1 |
_aHan, Weimin, _eauthor. |
|
| 856 | 4 | 1 |
_3Table of contents only _uhttp://www.loc.gov/catdir/toc/wiley032/2003053836.html |
| 856 | 4 | 1 |
_3Publisher description _uhttp://www.loc.gov/catdir/enhancements/fy0614/2003053836-d.html |
| 942 |
_cBB _2ddc |
||
| 999 |
_c1327 _d1327 |
||